000
00272nam a22001217a 4500
008
181017b xxu||||| |||| 00| 0 eng d
041
_a
eng
080
_a
621
100
_a
27
101
_a
eng
245
_a
Engineering Mechanics Statics
_c
Meriam.j.l
942
_2
udc
_c
BK
999
_c
49989
_d
49989